[Event "DEM U12/U12w 2000"]
[Site "Überlingen GER"]
[Date "2000.06.10"]
[Round "11"]
[White "Lutz, Dieter"]
[Black "Frübing, Stefan"]
[Result "1-0"]
[Termination "normal"]
[Board "1"]
[WhiteElo "2185"]
[BlackElo "1724"]
[PlyCount "165"]
[WhiteFideId "4667565"]
[BlackFideId "4682165"]
[EventCountry "GER"]
[EventRounds "11"]
[EventType "swiss"]
[EventDate "2000.06.03"]

1. Nf3 c5 2. b3 Nc6 3. e3 Nf6 4. Bb2 g6 5. Be2 Bg7 6. O-O O-O 7. d3 d6 8. Nbd2
Rb8 9. c4 a6 10. Qc1 Bd7 11. Rd1 Rc8 12. d4 cxd4 13. Nxd4 Qc7 14. Bf3 Ne5 15.
Be2 Rfd8 16. N2f3 Nxf3+ 17. Bxf3 Bc6 18. h3 Bxf3 19. Nxf3 Qb8 20. Qd2 Ne4 21.
Qc2 Bxb2 22. Qxb2 Nc5 23. Rac1 Ne6 24. Qe2 Qc7 25. Nd4 Nc5 26. Nc2 Nd7 27. Nb4
Nf6 28. Rc2 Qa5 29. Nd5 Nxd5 30. Rxd5 Rc5 31. Rd3 Rdc8 32. Rb2 Qc7 33. a4 Ra8
34. Rd1 Rb8 35. Qd3 Qc6 36. Qe2 Rg5 37. e4 Rc5 38. Rd5 Rc8 39. Kh2 Qc7 40. Kg1
Qc6 41. Rbd2 Qb6 42. Qe3 Qc7 43. Qe2 Qb6 44. Qe3 Qc7 45. Rxc5 Qxc5 46. Qxc5
Rxc5 47. Kf1 Kf8 48. Ke2 Ke8 49. Kd3 Rc7 50. b4 Rd7 51. Kc3 b6 52. Ra2 Rc7 53.
Kb3 a5 54. Rd2 Rb7 55. Rd5 f6 56. bxa5 bxa5+ 57. Rb5 Ra7 58. c5 dxc5 59. Kc4
Rd7 60. Rxa5 Rd4+ 61. Kxc5 Rxe4 62. Rb5 Re2 63. a5 Rxf2 64. a6 Ra2 65. Kb6 Rxg2
66. a7 Ra2 67. Ra5 Rb2+ 68. Ka6 Rd2 69. a8=Q+ Rd8 70. Qc6+ Kf7 71. Rd5 Rxd5 72.
Qxd5+ Kf8 73. Qe6 h5 74. Kb6 g5 75. Kc6 h4 76. Kd7 Kg7 77. Qxe7+ Kg6 78. Qe4+
f5 79. Qe6+ Kh5 80. Qxf5 Kh6 81. Ke7 g4 82. Qxg4 Kh7 83. Kf7 1-0

[Event "DEM U12/U12w 2000"]
[Site "Überlingen GER"]
[Date "2000.06.10"]
[Round "11"]
[White "Abel, Dennes"]
[Black "Braun, Arik"]
[Result "1/2-1/2"]
[Termination "normal"]
[Board "2"]
[WhiteElo "1348"]
[BlackElo "2139"]
[PlyCount "97"]
[WhiteFideId "24605417"]
[BlackFideId "4663527"]
[EventCountry "GER"]
[EventRounds "11"]
[EventType "swiss"]
[EventDate "2000.06.03"]

1. d4 Nf6 2. Nf3 e6 3. c4 Be7 4. Bg5 d5 5. e3 O-O 6. Nc3 h6 7. Bh4 b6 8. Rc1
Bb7 9. Bd3 dxc4 10. Bxc4 Nbd7 11. O-O Rc8 12. Bd3 c5 13. dxc5 Nxc5 14. Bb1 Qxd1
15. Rfxd1 Bxf3 16. gxf3 Rfd8 17. Bg3 Rxd1+ 18. Rxd1 Kf8 19. Nb5 a6 20. Na7 Rd8
21. Rxd8+ Bxd8 22. Nc6 Ke8 23. Bc2 a5 24. Bd6 Nfd7 25. Nxd8 Kxd8 26. Kf1 Nb7
27. Ba3 Nbc5 28. b3 Ke7 29. Ke2 Nf6 30. e4 e5 31. b4 axb4 32. Bxb4 Nfd7 33. Ba4
Ke6 34. Bxd7+ Nxd7 35. Kd3 b5 36. Kc3 h5 37. Ba3 Nb8 38. Kb4 Nc6+ 39. Kxb5 Nd4+
40. Kb6 h4 41. Bc1 Kd7 42. Kb7 h3 43. a4 Nb3 44. Be3 g6 45. Bb6 Kd6 46. a5
Nxa5+ 47. Bxa5 Kc5 48. Bc7 Kd4 49. Kc6 1/2-1/2

[Event "DEM U12/U12w 2000"]
[Site "Überlingen GER"]
[Date "2000.06.10"]
[Round "11"]
[White "Figura, Atila"]
[Black "Armbrust, Florian"]
[Result "1/2-1/2"]
[Termination "normal"]
[Board "3"]
[WhiteElo "1789"]
[BlackElo "1747"]
[PlyCount "120"]
[WhiteFideId "4688058"]
[BlackFideId "4691350"]
[EventCountry "GER"]
[EventRounds "11"]
[EventType "swiss"]
[EventDate "2000.06.03"]

1. Nf3 d5 2. g3 c6 3. Bg2 Bg4 4. O-O Nd7 5. d3 e5 6. Nbd2 Ngf6 7. e4 dxe4 8.
dxe4 Bc5 9. c3 a5 10. a4 O-O 11. Qc2 Qc7 12. Nb3 Bb6 13. Bg5 h6 14. Bxf6 Nxf6
15. Rad1 Be6 16. Nfd2 Rad8 17. c4 Nd7 18. c5 Ba7 19. Rc1 Nxc5 20. Nxc5 Bxc5 21.
Nb3 Bb6 22. Nc5 Bxc5 23. Qxc5 Rd4 24. f4 Bb3 25. Rc3 Rb4 26. Kh1 exf4 27. gxf4
Bxa4 28. Rg1 Rb3 29. e5 Qb6 30. Qc4 Rxc3 31. Qxc3 Bb3 32. Qg3 g6 33. f5 c5 34.
Be4 Kg7 35. fxg6 fxg6 36. Bxg6 Kh8 37. Be4 Rg8 38. Qf2 Qe6 39. Rxg8+ Kxg8 40.
Qxc5 b6 41. Qg1+ Kh8 42. Qg3 Bd5 43. Qf3 Bxe4 44. Qxe4 Kg7 45. Kg2 Qg6+ 46. Kf3
Qh5+ 47. Ke3 Qxh2 48. Qb7+ Kh8 49. Qc8+ Kg7 50. Qd7+ Kg6 51. Qe6+ Kg7 52. Qf6+
Kg8 53. e6 Qg3+ 54. Ke4 Qg2+ 55. Kd3 Qd5+ 56. Kc2 Qc5+ 57. Kb1 Qf8 58. Qg6+ Kh8
59. Qe4 Qe7 60. Qg6 Qf8 1/2-1/2

[Event "DEM U12/U12w 2000"]
[Site "Überlingen GER"]
[Date "2000.06.10"]
[Round "11"]
[White "Zelba, Maurizio"]
[Black "Rehberg, Raphael"]
[Result "1-0"]
[Termination "normal"]
[Board "4"]
[WhiteElo "1728"]
[BlackElo "1483"]
[PlyCount "51"]
[WhiteFideId "4677390"]
[BlackFideId "4686799"]
[EventCountry "GER"]
[EventRounds "11"]
[EventType "swiss"]
[EventDate "2000.06.03"]

1. d4 d5 2. c4 e6 3. Nc3 c5 4. cxd5 cxd4 5. Qxd4 Nc6 6. Qd1 exd5 7. Qxd5 Bd7 8.
Nf3 Nf6 9. Qd1 Bc5 10. e3 Qe7 11. Be2 O-O-O 12. O-O g5 13. b4 Bxb4 14. Bb2 g4
15. Nd4 Ne5 16. Rc1 Kb8 17. Qb3 Rdg8 18. Nd5 Nxd5 19. Qxd5 Bd6 20. Bb5 Bxb5 21.
Nxb5 Nf3+ 22. gxf3 Bxh2+ 23. Kg2 Rg5 24. Qd4 gxf3+ 25. Kxf3 Rf5+ 26. Ke2 1-0

[Event "DEM U12/U12w 2000"]
[Site "Überlingen GER"]
[Date "2000.06.10"]
[Round "11"]
[White "Wenger, Carsten"]
[Black "Siebarth, Raiko"]
[Result "1-0"]
[Termination "normal"]
[Board "5"]
[WhiteElo "1567"]
[BlackElo "1488"]
[PlyCount "149"]
[BlackFideId "4674766"]
[EventCountry "GER"]
[EventRounds "11"]
[EventType "swiss"]
[EventDate "2000.06.03"]

1. e4 c5 2. Nf3 d6 3. d4 cxd4 4. Nxd4 Nf6 5. Nc3 a6 6. Bc4 e6 7. Bg5 Be7 8. f4
Nc6 9. Qd3 O-O 10. Bb3 Qc7 11. Rd1 h6 12. Bh4 Na5 13. O-O Nxb3 14. Nxb3 b5 15.
Rf3 Bb7 16. Bxf6 Bxf6 17. Qxd6 Qxd6 18. Rxd6 Bxc3 19. Rxc3 Bxe4 20. Nc5 Bd5 21.
Rxa6 Rxa6 22. Nxa6 Ra8 23. Nb4 Bb7 24. a3 Rd8 25. Rd3 Rc8 26. c3 Kf8 27. g3 Ke7
28. Kf2 f6 29. Ke3 g6 30. Rd4 g5 31. Nd3 gxf4+ 32. Rxf4 e5 33. Rf5 Bc6 34. Nf2
Bd7 35. Rh5 Rh8 36. Ne4 Bc6 37. Rf5 Rf8 38. Nd2 Bd5 39. Rh5 Rh8 40. Rh4 Ke6 41.
Rb4 Bc6 42. c4 bxc4 43. Rxc4 Bd5 44. Ra4 Rb8 45. Ra6+ Kf5 46. b4 Rc8 47. Kd3
Rd8 48. Ke3 Rc8 49. Rd6 Rc3+ 50. Ke2 Bf7 51. a4 Be8 52. a5 Bb5+ 53. Ke1 Re3+
54. Kd1 Ba4+ 55. Kc1 Re1+ 56. Kb2 e4 57. a6 e3 58. a7 exd2 59. a8=Q d1=Q 60.
Rxd1 Bxd1 61. Qd5+ Kg6 62. Qd3+ Kg7 63. Qd7+ Kg6 64. b5 Bf3 65. b6 Be4 66. Qe8+
Kg7 67. Kc3 f5 68. Qe7+ Kg6 69. b7 Rc1+ 70. Kd4 Bxb7 71. Qxb7 Rc2 72. Qb6+ Kh5
73. Qf6 Rd2+ 74. Ke3 Rd5 75. Qf7+ 1-0

[Event "DEM U12/U12w 2000"]
[Site "Überlingen GER"]
[Date "2000.06.10"]
[Round "11"]
[White "Dück, Stefan"]
[Black "Mijatovic, Vladimir"]
[Result "0-1"]
[Termination "normal"]
[Board "6"]
[WhiteElo "1740"]
[BlackElo "1389"]
[PlyCount "120"]
[WhiteFideId "4681355"]
[BlackFideId "934062"]
[EventCountry "GER"]
[EventRounds "11"]
[EventType "swiss"]
[EventDate "2000.06.03"]

1. e4 c5 2. Nf3 d6 3. d4 cxd4 4. Nxd4 Nf6 5. Nc3 a6 6. Bc4 e6 7. Bb3 Nbd7 8.
Be3 b5 9. a3 Qc7 10. O-O Bb7 11. f3 Rc8 12. Rc1 Nc5 13. Ba2 Ncd7 14. Bf2 Nb6
15. Qe1 Nc4 16. Bxc4 Qxc4 17. Qe2 Be7 18. Qxc4 Rxc4 19. Nb3 O-O 20. Rcd1 Rfc8
21. Na5 R4c7 22. Bg3 e5 23. Nxb7 Rxb7 24. Bh4 Rd7 25. Rfe1 h6 26. Re2 g5 27.
Bg3 Rb7 28. Nd5 Nxd5 29. Rxd5 Rbc7 30. c3 Kg7 31. Bf2 Rc6 32. g3 Kf6 33. Be3
Ke6 34. f4 f5 35. Rd1 exf4 36. gxf4 fxe4 37. Rd4 d5 38. fxg5 hxg5 39. Rg2 Bc5
40. Rxg5 Bxd4 41. Bxd4 R8c7 42. h4 Rh7 43. h5 Rcc7 44. Kg2 Rce7 45. b4 Kd7 46.
Rxd5+ Kc7 47. Be3 Rhf7 48. Bc5 Re6 49. Rd1 e3 50. Re1 e2 51. Bd4 Kd6 52. Bf2
Kd5 53. Rh1 Ref6 54. Be1 Rf1 55. Rh3 Rxe1 56. h6 Rg1+ 57. Kxg1 e1=Q+ 58. Kh2
Qf2+ 59. Kh1 Re7 60. Rd3+ Kc4 0-1

[Event "DEM U12/U12w 2000"]
[Site "Überlingen GER"]
[Date "2000.06.10"]
[Round "11"]
[White "Lieder, Konrad"]
[Black "Behm, Simon"]
[Result "1-0"]
[Termination "normal"]
[Board "7"]
[WhiteElo "1323"]
[BlackElo "1712"]
[PlyCount "45"]
[WhiteFideId "4692721"]
[BlackFideId "4691962"]
[EventCountry "GER"]
[EventRounds "11"]
[EventType "swiss"]
[EventDate "2000.06.03"]

1. d4 d5 2. c4 c6 3. Nf3 Nf6 4. Nc3 dxc4 5. e3 b5 6. a4 Nd5 7. Bd2 e6 8. Rb1
Bb4 9. e4 Bxc3 10. bxc3 Nc7 11. Bf4 a6 12. Ne5 Bd7 13. h4 O-O 14. Qg4 f5 15.
Qg3 Ne8 16. h5 Nf6 17. h6 Qe7 18. Qh4 fxe4 19. hxg7 Qxg7 20. Bh6 Qe7 21. Qg5+
Kh8 22. Bxf8 Qxf8 23. Ng6+ 1-0

[Event "DEM U12/U12w 2000"]
[Site "Überlingen GER"]
[Date "2000.06.10"]
[Round "11"]
[White "Lubbe, Alexander"]
[Black "Feuerstack, Aljoscha"]
[Result "0-1"]
[Termination "normal"]
[Board "8"]
[WhiteElo "1072"]
[BlackElo "1543"]
[PlyCount "70"]
[BlackFideId "4681932"]
[EventCountry "GER"]
[EventRounds "11"]
[EventType "swiss"]
[EventDate "2000.06.03"]

1. e4 c5 2. Nf3 e6 3. d4 cxd4 4. Nxd4 a6 5. Bd3 Nf6 6. O-O Be7 7. e5 Nd5 8. c4
Nc7 9. Qe2 Nc6 10. Nxc6 dxc6 11. Rd1 Bd7 12. Be3 O-O 13. Nc3 c5 14. Rd2 Qc8 15.
Rad1 Rd8 16. Ne4 b6 17. Bc2 a5 18. Nd6 Bxd6 19. Rxd6 Ne8 20. R6d2 Qc7 21. Bg5
f6 22. exf6 Nxf6 23. Bxf6 gxf6 24. Qg4+ Kh8 25. Qh3 f5 26. g4 Bc6 27. Rxd8+
Rxd8 28. Rxd8+ Qxd8 29. Qh6 Bf3 30. gxf5 Qg8+ 31. Kf1 Qg2+ 32. Ke1 Qg1+ 33. Kd2
Qxf2+ 34. Kc3 Qe1+ 35. Kb3 Qb4# 0-1

[Event "DEM U12/U12w 2000"]
[Site "Überlingen GER"]
[Date "2000.06.10"]
[Round "11"]
[White "Brener, Ilja"]
[Black "Biller, Eugen"]
[Result "1-0"]
[Termination "normal"]
[Board "9"]
[WhiteElo "1701"]
[BlackElo "1273"]
[PlyCount "111"]
[WhiteFideId "4688201"]
[EventCountry "GER"]
[EventRounds "11"]
[EventType "swiss"]
[EventDate "2000.06.03"]

1. d4 d5 2. c4 e6 3. Nc3 Be7 4. cxd5 exd5 5. Nf3 c6 6. Qc2 Bg4 7. Bf4 Nf6 8. e3
Nbd7 9. Be2 O-O 10. O-O Nh5 11. Bg3 f5 12. Ne1 Bxe2 13. Qxe2 Qe8 14. Nd3 Qg6
15. Qd2 Nxg3 16. hxg3 Bd6 17. Ne2 Qh6 18. Ndf4 Nf6 19. Qd3 Nh5 20. Nxh5 Qxh5
21. Nf4 Bxf4 22. exf4 Rae8 23. Rfe1 Re4 24. f3 Ree8 25. Kf2 Qf7 26. Qd2 Qf6 27.
Re5 g6 28. Rae1 Rxe5 29. Rxe5 Qf7 30. Qe1 Qf6 31. Qe3 Kf7 32. b4 a6 33. a3 Ra8
34. Qe1 Qd6 35. Qh1 Rh8 36. Qb1 Qf6 37. Qc1 Qd6 38. Qc5 Qxc5 39. bxc5 Rb8 40.
Re3 Kf6 41. Rb3 h5 42. a4 Ke6 43. a5 Kf6 44. Rb1 Ke6 45. Re1+ Kf6 46. g4 hxg4
47. fxg4 fxg4 48. Kg3 Kf7 49. Kxg4 Re8 50. Rxe8 Kxe8 51. f5 gxf5+ 52. Kxf5 Kf7
53. g4 Ke7 54. Ke5 Kd7 55. g5 Ke7 56. g6 1-0

[Event "DEM U12/U12w 2000"]
[Site "Überlingen GER"]
[Date "2000.06.10"]
[Round "11"]
[White "Reiske, Anne"]
[Black "Bäumler, Ilja"]
[Result "0-1"]
[Termination "normal"]
[Board "10"]
[WhiteElo "1337"]
[BlackElo "1687"]
[PlyCount "94"]
[WhiteFideId "24635472"]
[BlackFideId "4681070"]
[EventCountry "GER"]
[EventRounds "11"]
[EventType "swiss"]
[EventDate "2000.06.03"]

1. d4 Nf6 2. c4 g6 3. Nc3 Bg7 4. e4 d6 5. f3 Nbd7 6. Bd3 e5 7. d5 O-O 8. Nge2
Qe7 9. O-O Ne8 10. Ng3 Nc5 11. Bc2 a5 12. a3 h5 13. f4 Bg4 14. Nge2 h4 15. h3
Bh5 16. Qe1 Bxe2 17. Qxe2 exf4 18. Bxf4 g5 19. Bd2 Be5 20. Qg4 Bd4+ 21. Kh1 f6
22. Rab1 Ng7 23. Ne2 Be5 24. Bc3 Nd7 25. Nd4 Bf4 26. b3 Be5 27. Bb2 Rac8 28.
Nf3 Bxb2 29. Rxb2 Ne5 30. Nxe5 Qxe5 31. Rbb1 Qe7 32. Rf2 Rce8 33. Rbf1 Qd8 34.
Qd1 Re5 35. Qb1 Nh5 36. Kg1 Qe7 37. Rf5 Ng3 38. Rxe5 Qxe5 39. Re1 Re8 40. a4
Qd4+ 41. Kh2 Re5 42. Qc1 Qf2 43. Qd1 f5 44. Qb1 g4 45. hxg4 fxg4 46. Bd3 h3 47.
Rg1 Rh5 0-1

[Event "DEM U12/U12w 2000"]
[Site "Überlingen GER"]
[Date "2000.06.10"]
[Round "11"]
[White "Andok, Claus Michael"]
[Black "Blome, Thomas"]
[Result "1-0"]
[Termination "normal"]
[Board "11"]
[WhiteElo "1217"]
[BlackElo "1465"]
[PlyCount "33"]
[WhiteFideId "24602000"]
[EventCountry "GER"]
[EventRounds "11"]
[EventType "swiss"]
[EventDate "2000.06.03"]

1. d4 f5 2. c4 Nf6 3. Bf4 e6 4. e3 d5 5. Nc3 c6 6. Nf3 Be7 7. c5 b6 8. b4 Bb7
9. Be2 b5 10. a4 a6 11. O-O Ne4 12. Nxe4 fxe4 13. Ne5 Bg5 14. Bh5+ g6 15. Qg4
O-O 16. Bxg5 gxh5 17. Qxe6+ 1-0

[Event "DEM U12/U12w 2000"]
[Site "Überlingen GER"]
[Date "2000.06.10"]
[Round "11"]
[White "Ollenberger, Roland"]
[Black "Bayer, Marius"]
[Result "0-1"]
[Termination "normal"]
[Board "12"]
[WhiteElo "1457"]
[BlackElo "1234"]
[PlyCount "76"]
[WhiteFideId "24608440"]
[EventCountry "GER"]
[EventRounds "11"]
[EventType "swiss"]
[EventDate "2000.06.03"]

1. e4 e6 2. d4 d5 3. Nc3 Bb4 4. e5 Nd7 5. Qg4 Ne7 6. Qxg7 Ng6 7. Bd3 Bf8 8.
Qxh8 Nxh8 9. Bxh7 Qh4 10. Bd3 Bb4 11. Nf3 Bxc3+ 12. bxc3 Qg4 13. Ba3 b6 14. h3
Qg7 15. O-O Ng6 16. Bc1 Bb7 17. a4 O-O-O 18. a5 Rg8 19. g3 Rh8 20. Kh2 Rg8 21.
axb6 axb6 22. Be3 Kb8 23. Bb5 Ndf8 24. Ra3 Nh7 25. Rfa1 f5 26. Bd2 Ne7 27. Ng1
Ng5 28. Ne2 Nf3+ 29. Kg2 Nxd2 30. Nf4 Qf7 31. Bd7 Ng6 32. Nxg6 Qxg6 33. Bb5 Ne4
34. g4 fxg4 35. hxg4 Qxg4+ 36. Kf1 Qg1+ 37. Ke2 Qxf2+ 38. Kd1 Qd2# 0-1

[Event "DEM U12/U12w 2000"]
[Site "Überlingen GER"]
[Date "2000.06.10"]
[Round "11"]
[White "Colloseus, Christian"]
[Black "Babczyk, Adrian"]
[Result "0-1"]
[Termination "normal"]
[Board "13"]
[WhiteElo "1231"]
[BlackElo "1407"]
[PlyCount "111"]
[BlackFideId "24608700"]
[EventCountry "GER"]
[EventRounds "11"]
[EventType "swiss"]
[EventDate "2000.06.03"]

1. e4 e6 2. d4 d5 3. exd5 exd5 4. Bd3 Bd6 5. h3 Nf6 6. Nf3 O-O 7. O-O Be6 8.
Be3 c6 9. c3 Qc7 10. Nbd2 Nbd7 11. Re1 Rfe8 12. Ng5 Nf8 13. Nxe6 Nxe6 14. Qc2
Bh2+ 15. Kh1 Bf4 16. Nf3 Bxe3 17. Rxe3 Nf4 18. Ne5 Nxd3 19. Qxd3 Nd7 20. Rae1
Nxe5 21. f4 f6 22. fxe5 fxe5 23. dxe5 Re6 24. c4 Rd8 25. b3 d4 26. Re4 c5 27.
R1e2 Rde8 28. Qg3 Qf7 29. Kg1 Rg6 30. Qf2 Qxf2+ 31. Kxf2 Rf8+ 32. Ke1 Kf7 33.
Rf4+ Ke7 34. Rxf8 Kxf8 35. Kd2 Ke7 36. Kd3 Ke6 37. g4 Rg5 38. Re4 Rxe5 39. a3
Rxe4 40. Kxe4 g5 41. b4 b6 42. b5 h6 43. a4 Kd6 44. Kf5 d3 45. Kg6 d2 46. Kxh6
d1=Q 47. Kxg5 Qc1+ 48. Kg6 Qxc4 49. g5 Qd3+ 50. Kh6 Qxh3+ 51. Kg7 Ke6 52. g6
Qg4 53. a5 Kf5 54. a6 Qxg6+ 55. Kf8 Qd6+ 56. Kf7 0-1

[Event "DEM U12/U12w 2000"]
[Site "Überlingen GER"]
[Date "2000.06.10"]
[Round "11"]
[White "Aghadjanian, Aida"]
[Black "Fervers, Lukas"]
[Result "1/2-1/2"]
[Termination "normal"]
[Board "14"]
[WhiteElo "1039"]
[BlackElo "1359"]
[PlyCount "54"]
[EventCountry "GER"]
[EventRounds "11"]
[EventType "swiss"]
[EventDate "2000.06.03"]

1. c4 f5 2. d4 e6 3. Nc3 c6 4. e3 d5 5. Nf3 Nf6 6. Be2 Bd6 7. O-O O-O 8. Ne5
Nbd7 9. f4 Ne4 10. Rf3 Ndf6 11. Qe1 Bb4 12. Bd2 Nxd2 13. Qxd2 Ne4 14. Qe1 Qa5
15. a3 Nxc3 16. axb4 Nxe2+ 17. Kh1 Qb6 18. Qxe2 Qxb4 19. Rh3 Qe7 20. Qh5 h6 21.
Ng6 Qb4 22. Nxf8 Qxb2 23. Rg1 Kxf8 24. Qg6 Qb4 25. c5 Qa5 26. Rg3 Qc7 27. Qh7
Qf7 1/2-1/2

[Event "DEM U12/U12w 2000"]
[Site "Überlingen GER"]
[Date "2000.06.10"]
[Round "11"]
[White "Christiansen, Claes"]
[Black "Grimberg, Boris"]
[Result "1/2-1/2"]
[Termination "normal"]
[Board "15"]
[WhiteElo "1248"]
[BlackElo "1278"]
[PlyCount "64"]
[BlackFideId "4697499"]
[EventCountry "GER"]
[EventRounds "11"]
[EventType "swiss"]
[EventDate "2000.06.03"]

1. e4 c5 2. Nc3 Nc6 3. f4 d6 4. Nf3 Nf6 5. Bc4 Bg4 6. O-O e6 7. Qe1 Bxf3 8.
gxf3 Nd4 9. Qd1 Nh5 10. Ne2 Nxe2+ 11. Qxe2 a6 12. d3 Be7 13. a4 O-O 14. Qg2 d5
15. Ba2 Qc7 16. Qg4 Nf6 17. Qh3 Rad8 18. e5 Nd7 19. Kh1 f5 20. Rg1 Rf7 21. Qg3
Nf8 22. h4 h5 23. Bd2 c4 24. d4 Qb6 25. Bc3 g6 26. Qe1 Rc8 27. Qg3 Kh7 28. Rab1
Bb4 29. Qe1 a5 30. Qd2 Qd8 31. Qh2 Bxc3 32. bxc3 Qe8 1/2-1/2

[Event "DEM U12/U12w 2000"]
[Site "Überlingen GER"]
[Date "2000.06.10"]
[Round "11"]
[White "Horstmann, Sven"]
[Black "von der Ahe, Florian"]
[Result "1-0"]
[Termination "normal"]
[Board "16"]
[WhiteElo "1252"]
[BlackElo "1132"]
[PlyCount "57"]
[BlackFideId "12970506"]
[EventCountry "GER"]
[EventRounds "11"]
[EventType "swiss"]
[EventDate "2000.06.03"]

1. e4 c5 2. Nc3 Nc6 3. g3 g6 4. Bg2 Bg7 5. d3 e6 6. Be3 d6 7. Qd2 Nge7 8. Bh6
O-O 9. h4 f5 10. h5 Qe8 11. Bxg7 Kxg7 12. hxg6 Qxg6 13. O-O-O Rb8 14. Nge2 Kf7
15. Bf3 Kf6 16. Rh6 b5 17. Rxg6+ hxg6 18. Nf4 Ne5 19. Bg2 b4 20. Nce2 N7c6 21.
exf5 exf5 22. Bxc6 Nxc6 23. Nd5+ Kg7 24. Rh1 Rh8 25. Rxh8 Kxh8 26. Qh6+ Kg8 27.
Qxg6+ Kf8 28. Qxd6+ Ke8 29. Qxc6+ 1-0

[Event "DEM U12/U12w 2000"]
[Site "Überlingen GER"]
[Date "2000.06.10"]
[Round "11"]
[White "Boss, Igor"]
[Black "Ritscher, Martin"]
[Result "1/2-1/2"]
[Termination "normal"]
[Board "17"]
[WhiteElo "1540"]
[BlackElo "1098"]
[PlyCount "28"]
[EventCountry "GER"]
[EventRounds "11"]
[EventType "swiss"]
[EventDate "2000.06.03"]

1. d4 Nf6 2. Nf3 e6 3. c4 c5 4. e3 d5 5. cxd5 exd5 6. Nc3 Be6 7. Bb5+ Nbd7 8.
O-O Bd6 9. Be2 O-O 10. Ng5 Nb6 11. Nxe6 fxe6 12. dxc5 Bxc5 13. Qc2 Rc8 14. Qd1
Qe7 1/2-1/2

[Event "DEM U12/U12w 2000"]
[Site "Überlingen GER"]
[Date "2000.06.10"]
[Round "11"]
[White "Köhn, Kai-Uwe"]
[Black "Schiwarth, Nino"]
[Result "1-0"]
[Termination "normal"]
[Board "18"]
[WhiteElo "1389"]
[BlackElo "1096"]
[PlyCount "61"]
[EventCountry "GER"]
[EventRounds "11"]
[EventType "swiss"]
[EventDate "2000.06.03"]

1. d4 e6 2. c4 f5 3. Nc3 Nf6 4. e3 Bb4 5. Bd2 O-O 6. Bd3 b6 7. Nf3 Bb7 8. O-O
d6 9. Qe2 Nbd7 10. Ne1 Bxc3 11. Bxc3 Qe8 12. f3 Qg6 13. Nc2 h5 14. Qf2 Qh6 15.
Rae1 g5 16. Qd2 Nh7 17. e4 f4 18. e5 d5 19. cxd5 Bxd5 20. Nb4 c6 21. Nxd5 cxd5
22. Bb4 Rfc8 23. Rc1 Nhf8 24. Ba6 Rxc1 25. Rxc1 Qg6 26. Qc2 Qg7 27. Bd6 Nb8 28.
Bxf8 Qf7 29. Qc8 Nxa6 30. Qxa8 Qxf8 31. Rc8 1-0

[Event "DEM U12/U12w 2000"]
[Site "Überlingen GER"]
[Date "2000.06.10"]
[Round "11"]
[White "Becker, Nils"]
[Black "Cara, Bogdan"]
[Result "1/2-1/2"]
[Termination "normal"]
[Board "19"]
[WhiteElo "1178"]
[BlackElo "1376"]
[PlyCount "92"]
[WhiteFideId "4695216"]
[EventCountry "GER"]
[EventRounds "11"]
[EventType "swiss"]
[EventDate "2000.06.03"]

1. e4 e6 2. d4 d5 3. exd5 exd5 4. Bd3 Bd6 5. Nf3 Ne7 6. O-O Bg4 7. c3 c6 8. Re1
Bc7 9. Nbd2 Nd7 10. Nf1 Nf6 11. Bg5 Qd6 12. Ng3 h6 13. Bxf6 Qxf6 14. Qe2 Bd6
15. h3 Bxf3 16. Qxf3 Qxf3 17. gxf3 O-O-O 18. Re2 Ng6 19. Bxg6 fxg6 20. Re6 Bxg3
21. fxg3 g5 22. Rae1 Rd7 23. Re7 Rhd8 24. Kg2 Rxe7 25. Rxe7 Rd7 26. Re6 Kd8 27.
Kf2 Re7 28. Re5 Rxe5 29. dxe5 Ke7 30. Ke3 c5 31. f4 Ke6 32. h4 gxh4 33. gxh4 g6
34. Kd3 Kf5 35. b4 b6 36. bxc5 bxc5 37. Ke3 h5 38. Kf3 Ke6 39. Ke3 Kf5 40. Kd3
g5 41. fxg5 Kxe5 42. Ke3 Kf5 43. Kd3 a5 44. a4 Ke5 45. Kd2 Kf5 46. Ke3 Ke5
1/2-1/2

[Event "DEM U12/U12w 2000"]
[Site "Überlingen GER"]
[Date "2000.06.10"]
[Round "11"]
[White "Klaiber, Markus"]
[Black "Hofmann, Annett"]
[Result "0-1"]
[Termination "normal"]
[Board "20"]
[WhiteElo "1078"]
[BlackElo "1326"]
[PlyCount "70"]
[BlackFideId "24603759"]
[EventCountry "GER"]
[EventRounds "11"]
[EventType "swiss"]
[EventDate "2000.06.03"]

1. e4 d5 2. exd5 Qxd5 3. Nc3 Qa5 4. d4 c6 5. Bc4 Bf5 6. Nf3 Nd7 7. Bd2 Ngf6 8.
Nd5 Qd8 9. Nxf6+ Nxf6 10. c3 e6 11. O-O Bd6 12. Be3 O-O 13. Nh4 Be4 14. f3 Bd5
15. Bxd5 Nxd5 16. Bf2 g5 17. c4 Nf6 18. c5 Be7 19. d5 Nxd5 20. Nf5 exf5 21. Qc2
Qc8 22. Rae1 Bf6 23. Re2 Rd8 24. Rfe1 Nf4 25. Rd2 Rxd2 26. Qxd2 Qd8 27. Qc2 Qd3
28. Rc1 Ne2+ 29. Kh1 Nxc1 30. Qxc1 Rd8 31. h3 Qd1+ 32. Qxd1 Rxd1+ 33. Kh2 Rd2
34. Kg1 Bd4 35. Bxd4 Rxd4 0-1

[Event "DEM U12/U12w 2000"]
[Site "Überlingen GER"]
[Date "2000.06.10"]
[Round "11"]
[White "Ehrhardt, Eric"]
[Black "Kulakov, Yurij"]
[Result "0-1"]
[Termination "normal"]
[Board "21"]
[WhiteElo "1022"]
[BlackElo "1338"]
[PlyCount "78"]
[WhiteFideId "24602450"]
[EventCountry "GER"]
[EventRounds "11"]
[EventType "swiss"]
[EventDate "2000.06.03"]

1. e4 c5 2. d4 cxd4 3. c3 dxc3 4. Nxc3 d6 5. Nf3 g6 6. Bc4 e6 7. O-O Bg7 8. Bg5
Ne7 9. Rc1 O-O 10. Qe2 Nbc6 11. Rfd1 a6 12. Rd3 Nb4 13. Rdd1 Qc7 14. a3 Nbc6
15. Rd3 b5 16. Bb3 Bb7 17. Rcd1 Nc8 18. Qe3 Bh8 19. Bh6 Rd8 20. Ng5 Ne5 21.
R3d2 Qe7 22. Qf4 Na7 23. Qh4 Bf6 24. f4 Nec6 25. Rd3 Na5 26. Rh3 Nxb3 27. Bf8
Kxf8 28. Nxh7+ Kg7 29. Qh6+ Kg8 30. Ng5 Nc5 31. e5 dxe5 32. Qh7+ Kf8 33. Rxd8+
Rxd8 34. Qh6+ Bg7 35. Qh4 Rd7 36. Nh7+ Kg8 37. Ng5 exf4 38. Qxf4 Nc6 39. Re3
Bh6 0-1

[Event "DEM U12/U12w 2000"]
[Site "Überlingen GER"]
[Date "2000.06.10"]
[Round "11"]
[White "Butschek, Tanja"]
[Black "Rosenblatt, Marcus"]
[Result "1-0"]
[Termination "normal"]
[Board "22"]
[WhiteElo "932"]
[BlackElo "1298"]
[PlyCount "123"]
[WhiteFideId "24604640"]
[BlackFideId "24627453"]
[EventCountry "GER"]
[EventRounds "11"]
[EventType "swiss"]
[EventDate "2000.06.03"]

1. e4 c5 2. Bc4 e6 3. Nc3 Nc6 4. d3 a6 5. Nf3 b5 6. Bb3 Qc7 7. Be3 Nf6 8. O-O
Be7 9. a3 Bb7 10. h3 O-O 11. Nd2 Na5 12. Ba2 d5 13. exd5 exd5 14. d4 Rad8 15.
Qf3 cxd4 16. Bxd4 Nc6 17. Bxf6 Bxf6 18. Nxd5 Rxd5 19. Bxd5 Ne5 20. Qe4 Bxd5 21.
Qxd5 Rd8 22. Qe4 Rxd2 23. Qa8+ Rd8 24. Qxa6 Qxc2 25. Qxb5 Nd3 26. Rad1 Qxb2 27.
Qxb2 Bxb2 28. Rfe1 Bxa3 29. Re3 Ra8 30. Rexd3 Be7 31. Re3 Bf6 32. Rde1 Kf8 33.
Rb3 Be7 34. Rb7 Bd6 35. Rd1 Be5 36. g3 Ra1 37. Rxa1 Bxa1 38. Kg2 g6 39. f4 Kg7
40. g4 Bd4 41. Kg3 Kf6 42. g5+ Kg7 43. Kg4 Bc3 44. f5 Be5 45. fxg6 hxg6 46. h4
Bd4 47. h5 Be5 48. hxg6 Kxg6 49. Rb6+ f6 50. Rb5 Kf7 51. Kh5 Bd4 52. g6+ Kg8
53. Rb8+ Kg7 54. Rb7+ Kg8 55. Re7 Bc5 56. Rf7 Bd4 57. Kg4 f5+ 58. Kxf5 Bg7 59.
Rb7 Bd4 60. g7 Bxg7 61. Kg6 Be5 62. Re7 1-0